| 000 | 00581nam a22002417a 4500 | ||
|---|---|---|---|
| 001 | BR8108390 | ||
| 003 | BR-BrBNA | ||
| 005 | 20230928091152.0 | ||
| 007 | ta | ||
| 008 | 230509b bl.||||| |||| 00| 0 por d | ||
| 040 |
_aBR-BrBNA _bpor _cBiblioteca Nacional de Agricultura |
||
| 041 | _a(Por) | ||
| 072 | _aE15 | ||
| 090 | _ E15 BR8108390 | ||
| 100 | 1 | _aFernandes, I.A. | |
| 245 | 1 | _aCooperativismo | |
| 260 | 3 |
_a[np](Brasil): _c[nd]. |
|
| 300 | _a6 p. | ||
| 500 | _aPublished after 1980 | ||
| 650 | _aCOOPERATIVA | ||
| 909 |
_a202309 _bLucia _c55 _dLucia Elande |
||
| 942 | _cBK | ||
| 999 |
_c32605 _d32605 |
||